[Event "120th Taflfelag Reykjavik-A 2020"]
[Site "Reykjavik"]
[Date "2020.10.03"]
[Round "9.5"]
[White "Thorhallsson, Simon"]
[Black "Bjornsson, Sigurbjorn"]
[Result "1-0"]
[WhiteElo "2215"]
[BlackElo "2357"]
[Annotator "ChessBase"]
[PlyCount "68"]
[EventDate "2020.09.13"]
[EventType "tourn"]
[EventCountry "ISL"]
[SourceTitle "playchess.com"]
[Source "ChessBase"]
[SourceQuality "1"]
[TimeControl "40/5400+15:1800+30"]

1. e4 {[%emt 0:00:07]} e5 {[%emt 0:00:00]} 2. Nf3 {[%emt 0:00:08]} Nc6 {[%emt 0:00:00]} 3. Bb5 {[%emt 0:00:02]} Nge7 {[%emt 0:00:00]} 4. Nc3 {[%emt 0:04:06]} d6 {[%emt 0:00:00]} 5. d4 {[%emt 0:08:04]} Bd7 {[%emt 0:00:00]} 6. O-O {[%emt 0:04:10]} Ng6 {[%emt 0:00:00]} 7. Be3 {[%emt 0:09:32]} Be7 {[%emt 0:00:52]} 8. d5 {[%emt 0:09:31]} Nb8 {[%emt 0:00:06]} 9. Bxd7+ {[%emt 0:00:00]} Nxd7 {[%emt 0:00:00]} 10. g3 {[%emt 0:00:39]} h6 {[%emt 0:00:22]} 11. h4 {[%emt 0:06:22]} Nf6 {[%emt 0:03:05]} 12. Nh2 {[%emt 0:05:57]} Qd7 {[%emt 0:03:31]} 13. Kg2 {[%emt 0:00:34]} Nh7 {[%emt 0:06:53]} 14. Qg4 {[%emt 0:02:40]} Qxg4 {[%emt 0:02:30]} 15. Nxg4 {[%emt 0:00:00]} h5 {[%emt 0:00:00]} 16. Nh2 {[%emt 0:00:01]} c6 {[%emt 0:00:33]} 17. Rfd1 {[%emt 0:01:35]} O-O {[%emt 0:04:23]} 18. Nf1 {[%emt 0:03:17]} Rfc8 {[%emt 0:03:03]} 19. Rac1 {[%emt 0:01:39]} Bf8 {[%emt 0:02:23]} 20. f3 {[%emt 0:05:06]} Nf6 {[%emt 0:00:11]} 21. Bf2 {[%emt 0:02:52]} a6 {[%emt 0:11:53]} 22. Ne3 {[%emt 0:01:00]} Rab8 {[%emt 0:05:42]} 23. a4 {[%emt 0:03:23]} Ne7 {[%emt 0:04:45]} 24. b3 {[%emt 0:04:17]} b5 {[%emt 0:04:04]} 25. dxc6 {[%emt 0:01:54]} Rxc6 {[%emt 0:00:10]} 26. Rd3 {[%emt 0:04:22]} g6 {[%emt 0:05:33]} 27. axb5 {[%emt 0:00:41]} axb5 {[%emt 0:00:00]} 28. Ra1 {[%emt 0:00:00]} Bh6 {[%emt 0:02:01]} 29. Ncd1 {[%emt 0:00:51]} Kf8 {[%emt 0:02:15]} 30. c4 {[%emt 0:01:16]} Nd7 {[%emt 0:06:08]} 31. cxb5 {[%emt 0:01:04]} Rb7 {[%emt 0:27:22]} 32. b6 Rbxb6 {[%emt 0:00:00]} 33. Nc4 {[%emt 0:00:38]} Rb5 {[%emt 0:00:00]} 34. Ra8+ {[%emt 0:00:36]} Kg7 {[%emt 0:00:00]} 1-0